Príprava a realizácia investičnej výstavby

Uložené v:
Podrobná bibliografia
Hlavný autor: Mutiš, Andrej
Korporativný autor: Vysoká škola ekonomická v Bratislave. Národohospodárska fakulta
Ďalší autori: Vorlíčková, Jana
Médium: Kniha
Jazyk:Slovak
Vydavateľské údaje: Bratislava VŠE 1988
Vydanie:1. vyd.
Tagy: Pridať tag
Žiadne tagy, Buďte prvý, kto otaguje tento záznam!

MARC

LEADER 00000nam a2200000 4500
001 c027201
005 20230116121526.6
041 0 |a slo 
044 |a SK 
245 1 0 |a Príprava a realizácia investičnej výstavby  |c Andrej Mutiš, Jana Vorlíčková 
250 |a 1. vyd. 
264 1 |a Bratislava  |b VŠE  |c 1988 
300 |a 179 s. 
100 1 |a Mutiš, Andrej 
700 1 |a Vorlíčková, Jana 
710 2 |a Vysoká škola ekonomická v Bratislave. Národohospodárska fakulta